Military Cliques of the Chinese Warlord Era - Statistics

General Stats
  • This quiz has been taken 377 times
  • The average score is 10 of 16
Answer Stats
Founder/Notable members Clique % Correct
Ma Fuxiang, Ma Bufang, Ma Lin Ma
89%
Cai E, Tang Jiyao, Long Yun Yunnan
84%
Li Zongren New Guangxi
78%
Lu Rongting Old Guangxi
78%
Yan Xishan Shanxi
77%
Zhang Zuolin, Zhang Xueliang, Zhang Zongchang Fengtian
68%
Chen Jiongming Guangdong
67%
Sun Yat-sen, Chiang Kai-shek, Wang Jingwei Kuomintang
66%
Yin Changheng, Liu Wenhui Sichuan
64%
Yang Zengxin, Jin Shuren, Sheng Shicai Xinjiang
63%
Feng Guozhang, Cao Kun, Wu Peifu Zhili
59%
Duan Qirui Anhui
58%
Chen Duxiu, Li Dazhao, Li Lisan, Mao Zedong Communist Party
57%
Zhao Hengti, Tang Shengzhi Hunan
47%
Feng Yuxiang, Sun Yue Guominjun
33%
Li Xianshi Guizhou
30%
No matching quizzes found
Score Distribution
Percent of People with Each Score
Percentile by Number Answered
Your Score History
You have not taken this quiz